000 01104cab a2200373 4500
001 ABS53083
008 090401t1995 xxu||||| |||| 00| 0 eng d
035 _a(Sirsi) u1886
041 _aeng
100 _aWilliams, D.
245 _aResidential tenancies: an update
260 _c1995
350 _a0
490 _aEstates Gazette
_v(9524) 17 June 1995, 140-143(4)
520 _aSummary of recent law cases involving residential tenancies.
650 _aBARNETT V OSULLIVAN
650 _aBEDDING V MCCARTHY
650 _aDAEJAN PROPERTIES LTD V MAHONEY
650 _aDAWNCAR INVESTMENTS V PLEWS
650 _aDUKE OF WESTMINSTER V BIRRANE
650 _aHELLINGS V PARKER BRESLIN ESTATES
650 _aHOUSING ACT 1988
650 _aJONES V WHITE
650 _aLEASEHOLD REFORM ACT 1967
650 _aLOHAN V HILTON
650 _aMASON V NWOKORIE
650 _aRE VEDMAY LTD
650 _aRENT ACT 1977
650 _aSAMPSON V WILSON
650 _aWHITWORTH V LIPTON
690 _aLANDLORD AND TENANT-CASE LAW-RESIDENTIAL TENANCIES
942 _n0
948 _c04/03/1997
999 _c1101
_d1101